Obispos astures (SS. VIII-IX) y obispos de Oviedo (S. IX) (Record no. 374368)

000 -CABECERA
Campo de control de longitud fija 00380nab a22001097u 4500
008 - CÓDIGOS DE INFORMACIÓN DE LONGITUD FIJA
Campo de control de longitud fija 130520b2003 xxu||||| |||| 00| 0 spa d
041 ## - CÓDIGO DE LENGUA
Código de lengua del texto/banda sonora o título independiente spa
100 1# - PUNTO DE ACCESO PRINCIPAL-NOMBRE DE PERSONA
Nombre de persona Carriedo Tejedo, Manuel
9 (RLIN) 67731
245 00 - MENCIÓN DE TÍTULO
Título Obispos astures (SS. VIII-IX) y obispos de Oviedo (S. IX)
Mención de responsabilidad, etc. Manuel Carriedo Tejedo
773 0# - ENLACE AL DOCUMENTO FUENTE
Título Studium Ovetense
Parte(s) relacionada(s) V.31, nº31,2003,págs. 123-156
Número Internacional Normalizado para Publicaciones Seriadas (ISSN) 0211-0741
Número de control del registro relacionado Rev454
942 ## - ENTRADA DE ELEMENTOS AGREGADOS (KOHA)
Koha [por defecto] tipo de item Artículos de revista
Holdings
Suprimido Perdido Estropeado No para préstamo Localización permanente Localización actual Localización en estantería Fecha adquisición Préstamos totales Fecha última consulta Fecha del precio de reemplazo Tipo de item de Koha
        San Esteban San Esteban Depósito de revistas 21/05/2013   21/05/2013 21/05/2013 Artículos de revista

Bibliotecas Dominicos Provincia Hispania, 2016

Con tecnología Koha